Curso de derecho constitucional y administrativo / (Record no. 44746)
[ view plain ]
| 000 -LEADER | |
|---|---|
| fixed length control field | 00884nam a22001937a 4500 |
| 005 - DATE AND TIME OF LATEST TRANSACTION | |
| control field | 20150124125503.0 |
| 008 - FIXED-LENGTH DATA ELEMENTS--GENERAL INFORMATION | |
| fixed length control field | 131107t mx||||| |||| 00| 0 spa d |
| 050 04 - LIBRARY OF CONGRESS CALL NUMBER | |
| Classification number | KGF2921 |
| Item number | R85 1888 |
| 100 1# - MAIN ENTRY--PERSONAL NAME | |
| Personal name | Ruíz, Eduardo, |
| Titles and other words associated with a name | Lic., |
| Dates associated with a name | [1839-1902] |
| 245 10 - TITLE STATEMENT | |
| Title | Curso de derecho constitucional y administrativo / |
| Statement of responsibility, etc | Lic. Eduardo Ruíz. |
| 250 ## - EDITION STATEMENT | |
| Edition statement | 1a ed. |
| 260 ## - PUBLICATION, DISTRIBUTION, ETC. (IMPRINT) | |
| Place of publication, distribution, etc | México : |
| Name of publisher, distributor, etc | Oficina tip. de la Secretaría de Fomento, |
| Date of publication, distribution, etc | 1888 |
| 300 ## - PHYSICAL DESCRIPTION | |
| Extent | 2 v. ; |
| Dimensions | 24 cm. |
| 500 ## - GENERAL NOTE | |
| General note | Nota : Antiguo catedrático de Derecho Público Eclesiástico y de Literatura, en el primitivo y nacional colegio de San Nicolás de Hidalgo, en Morelia, y actualmente profesor de Derecho Constitucional y Administrativo en la Escuela Nacional de Jurisprudencia. |
| 504 ## - BIBLIOGRAPHY, ETC. NOTE | |
| Bibliography, etc | Incluye índice |
| 650 #7 - SUBJECT ADDED ENTRY--TOPICAL TERM | |
| Source of heading or term | LEMB |
| Topical term or geographic name as entry element | Derecho constitucional |
| Geographic subdivision | México |
| 650 #7 - SUBJECT ADDED ENTRY--TOPICAL TERM | |
| Source of heading or term | LEMB |
| Topical term or geographic name as entry element | Derecho administrativo |
| Geographic subdivision | México |
| 942 ## - ADDED ENTRY ELEMENTS (KOHA) | |
| Source of classification or shelving scheme | Biblioteca del Cogreso de los Estados Unidos |
| Koha item type | Libro |
| Estado de pérdida | Fuente de clasificación | Estado del daño | Restricción de uso | No para préstamo | Ubicación permanente | Ubicación actual | Apartado o colección | Fecha de adquisición | Edición | Área del conocimiento | Clasificación | Código de Barras | Date last seen | Número de copia | Costo por reposición | Tipo de recurso | Nota pública |
|---|---|---|---|---|---|---|---|---|---|---|---|---|---|---|---|---|---|
| Biblioteca del Cogreso de los Estados Unidos | Biblioteca del Instituto de Investigaciones Históricas | Biblioteca del Instituto de Investigaciones Históricas | Acervos Antiguos en el Fondo Michoacán | 07/11/2013 | 1 | Ciencias Agropecuarias | KGF2921 R85 1888 T. I | IIH000011486 | 07/11/2013 | C:1 | 1.00 | Libro | A- ANTIGUO MICH. | ||||
| Biblioteca del Cogreso de los Estados Unidos | Biblioteca del Instituto de Investigaciones Históricas | Biblioteca del Instituto de Investigaciones Históricas | Acervos Antiguos en el Fondo Michoacán | 07/11/2013 | 1 | Ciencias Agropecuarias | KGF2921 R85 1888 T. II | IIH000011487 | 07/11/2013 | C:1 | 1.00 | Libro | A- ANTIGUO MICH. |